Top 15 Least Freedomly Countries - Statistics

General Stats
  • This quiz has been taken 26 times
    16 since last reset
  • The average score is 9 of 15
Answer Stats
Index Answer % Correct
5.02 Iraq
100%
4.53 Iran
94%
3.66 Syria
94%
4.08 Yemen
94%
5.12 Saudi Arabia
88%
5.05 Libya
63%
4.48 Sudan
63%
4.49 Egypt
56%
5.26 Algeria
50%
4.93 Somalia
50%
5.57 Chad
44%
4.03 Venezuela
44%
5.02 Burundi
13%
5.52 Tajikistan
13%
5.55 The Democratic Republic of the Congo
6%
No matching quizzes found
Score Distribution
Percent of People with Each Score
Percentile by Number Answered
Your Score History
You have not taken this quiz since the last reset